000
00291nam a2200133Ia 4500
100
_a
Proskuryakov/ I.V.
942
_c
BK
654
_a
mechanics
245
_a
Problems in linear algebra
260
_b
Mir Publishers
_a
Moscow
_c
1978
082
_a
572.5
300
_a
453
546
_a
ENGLISH
999
_c
33934
_d
33934